| 000 | 00692cam a2200265 4500 | ||
|---|---|---|---|
| 008 | 090401t1995 xxu||||| |||| 00| 0 eng d | ||
| 020 | _a0333588150 | ||
| 035 | _a(Sirsi) u64136 | ||
| 041 | _aeng | ||
| 050 | _a690 | ||
| 100 | _aGriffith, Alan | ||
| 245 | _aConstructability in building and engineering projects | ||
| 260 |
_aBasingstoke _bMacMillan _c1995 |
||
| 300 | _aviii, 185p. ; 26cm. | ||
| 350 | _a17.99 | ||
| 490 | _aMacmillan Building and Surveying Series | ||
| 650 | _aBUILDABILITY | ||
| 650 | _aCONSTRUCTABILITY | ||
| 650 | _aDESIGN | ||
| 650 | _aProcurement-old | ||
| 690 | _aBUILT ENVIRONMENT | ||
| 700 | _aSidwell, Tony | ||
| 942 | _n0 | ||
| 948 | _c04/03/1997 | ||
| 999 |
_c94644 _d94644 |
||